| 000 | 02662nam a2200337 a 4500 | ||
|---|---|---|---|
| 001 | BRCA_3078 | ||
| 005 | 20190320204111.0 | ||
| 008 | 270109s1825----fr-a---###---#000-0dfre-u | ||
| 041 | _afre | ||
| 044 | _afr | ||
| 084 |
_a385 _b.D456 _c1825 |
||
| 100 | 1 |
_aCervantes Saavedra, Miguel de _d1547-1616 _9213 |
|
| 245 | 1 | 0 |
_aHistoire de L´Admirable Don Quichotte de la Manche _cTraduction de Filleau de Saint-Martin. |
| 260 |
_aParís _bDelongchamps _c1825 |
||
| 300 |
_a6 v. _bil. _c21 cm. |
||
| 500 | _aContenido : v 1. Primera parte. Retrato de Cervantes por Devería. Ensayo sobre la vida y obra de Cervantes. Prólogo del autor. Texto. -- v 2. Texto. Segunda parte. Texto. -- v 3. Texto. -- v 4. Texto. Primera parte de la continuación escrita por el traductor. texto. -- v 5. Texto. -- v 6. Segunda parte de la continuación escrita por el traductor. Texto | ||
| 500 | _aEdición : Avec un Essai sur la Vie et sur les Ouvrages de Cervantes, par M. Auger, de L´Académie Francaise | ||
| 500 | _aAdemás de la corrección del texto, se restableció en esta edición el prólogo de Cervantes, que se había publicado por vez primera, en 1752. El ensayo sobre la Vida y obras de Cervantes de L. Simon Auger, si bien sin novedades biográficas, es interesante por sus observaciones y la crítica del Quijote, así como por el entusiasmo que muestra por el idioma español. Sobre la novela escribe que es una de las más asombrosas maravillas del ingenio humano y uno de los más singulares fenómenos de la historia literaria; y sobre el idioma español dice: la española es la lengua más hermosa que se habla bajo el cielo, desde que la de los griegos ya no suena. Como sus compatriotas lo confirman, el autor del Quijote ha escrito divinamente en esta lengua divina. Asimismo, cuenta esta edición con un extraño retrato de Cervantes, dibujado por Deveria, quien se apoderó del negroide de Choquet (No. 384), y consiguió transformarlo en un Cervantes seminórdico. También las láminas son obra de Deveria. Semipiel; lomeras adornadas con dorados Lúdovik Osterc | ||
| 500 | _aQM308 | ||
| 546 | _aTexto en : francés | ||
| 650 | 1 | 4 |
_aNovela española _yÉpoca clásica, 1500-1700 _9215 |
| 650 | 1 | 4 |
_aLiteratura española _yÉpoca clásica, 1500-1700 _9216 |
| 650 | 1 | 4 |
_aNovela española _ySiglo XVII _9217 |
| 650 | 1 | 4 |
_aDon Quijote (Personaje ficticio) _eNovela _9218 |
| 700 | 1 |
_aSaint-Martin, Francois Filleau de _d1632-1695 _eTraductor _98408 |
|
| 700 | 1 |
_aDevería _eIlustrador _98409 |
|
| 700 | 1 |
_aAuger, Louis-Simon _d1772-1829 _eBiógrafo _98410 |
|
| 740 | 0 | _aEl Ingenioso Hidalgo Don Quijote de la Mancha | |
| 902 | _aQFM | ||
| 942 |
_2lcc _cB |
||
| 999 |
_c2814 _d2814 |
||